Elements 1-56 + 14 additional - Statistics

General Stats
  • This quiz has been taken 641 times
  • The average score is 54 of 70
Answer Stats
Hint Answer % Correct
C Carbon
96%
He Helium
96%
H Hydrogen
95%
Li Lithium
95%
N Nitrogen
95%
O Oxygen
95%
B Boron
94%
Al Aluminum
93%
Ar Argon
93%
F Fluorine
93%
Be Beryllium
92%
Mg Magnesium
92%
Ne Neon
92%
Si Silicon
92%
Na Sodium
92%
Cl Chlorine
91%
P Phosphorus
91%
Ca Calcium
90%
S Sulfur
90%
Ti Titanium
90%
K Potassium
89%
Fe Iron
87%
Zn Zinc
87%
Co Cobalt
86%
Cu Copper
86%
Mn Manganese
86%
Sc Scandium
86%
Ni Nickel
85%
Br Bromine
84%
Kr Krypton
83%
Cr Chromium
82%
Ge Germanium
82%
V Vanadium
82%
Ga Gallium
81%
As Arsenic
80%
Rb Rubidium
78%
Se Selenium
78%
Ag Silver
78%
Y Yttrium
78%
Xe Xenon
77%
Sr Strontium
75%
Au Gold
73%
I Iodine
72%
Ba Barium
70%
Cs Cesium
69%
Zr Zirconium
69%
In Indium
68%
Pb Lead
68%
Sn Tin
67%
U Uranium
66%
Cd Cadmium
63%
Pd Palladium
63%
Hg Mercury
61%
W Tungsten
61%
Pt Platinum
60%
Ra Radium
60%
Rh Rhodium
60%
Pu Plutonium
59%
Fr Francium
58%
Nb Niobium
58%
Te Tellurium
58%
Sb Antimony
57%
Mo Molybdenum
56%
Rn Radon
56%
Ru Ruthenium
56%
Tc Technetium
56%
Po Polonium
55%
Bi Bismuth
52%
At Astatine
46%
Tl Thallium
44%
No matching quizzes found
Score Distribution
Percent of People with Each Score
Percentile by Number Answered
Your Score History
You have not taken this quiz